| 000 | 00702nam a2200229 a 4500 | ||
|---|---|---|---|
| 001 | 000009123 | ||
| 003 | OSt | ||
| 005 | 20240412074209.0 | ||
| 007 | ta | ||
| 008 | 090928s1956 ag 000 0 spa d | ||
| 040 |
_aDO-SdBNP _bspa _cBNPHU |
||
| 082 | 7 | 4 |
_aRD861.4 _bI37r _222 |
| 100 | 1 |
_aIncháustegui Cabral, Héctor, _d1912-1979 _921024 |
|
| 245 | 1 | 0 |
_aRebelión vegetal y otros poemas menos amargos / _cHéctor Inchaustegui Cabral. |
| 260 |
_aBuenos Aires : _bAméricalee, _c1956. |
||
| 300 |
_a117 p. ; _c25 cm. |
||
| 590 | _aInventariado, 2022 /LP | ||
| 650 | 0 |
_aPoesía dominicana _966 |
|
| 650 | 0 |
_aLiteratura dominicana. _967 |
|
| 910 | _aValidado. Control de calidad BNPHU | ||
| 942 |
_2ddc _cLBS1 |
||
| 999 |
_c8887 _d8887 |
||